000 00257nam a22001217a 4500
020 _a9781409308264
082 _a823
_bLAD/T
100 _aLADY BIRD
245 _aTINY CREATURES
260 _aUK
_bLADY BIRD
650 _aENGLISH SHORT STORY
_zUK
942 _cBK
999 _c2419
_d2419